Zeszyty naukowe Uniwersytetu Jagiellońskiego. Studia religiologica
| Autores Corporativos: | , |
|---|---|
| Formato: | Electrónico Seriadas |
| Lenguaje: | polaco inglés alemán ruso |
| Publicado: |
Kraków :
Państwowe Wydawn. Naukowe,
1977-
Kraków : Wydawnictwo Uniwersytetu Jagiellońskiego |
| Colección: | Zeszyty naukowe Uniwersytetu Jagiellońskiego.
|
| Materias: | |
| Acceso en línea: | Full text available from Research Library: 01/01/2010 to present |
MARC
| LEADER | 00000nas a2200000 a 4500 | ||
|---|---|---|---|
| 001 | ssj0000571622 | ||
| 003 | WaSeSS | ||
| 005 | 20200512172242.0 | ||
| 006 | m d | ||
| 007 | cr n | ||
| 008 | 781003c19779999pl qr m s 0 b0pol c | ||
| 010 | |a 81640772 | ||
| 016 | 7 | |a 004045259 |2 Uk | |
| 022 | |l 0137-2432 |y 0137-2432 | ||
| 035 | |a (WaSeSS)ssj0000571622 | ||
| 040 | |a UIU |b eng |c UIU |d DLC |d OCL |d NST |d DLC |d SYS |d OCLCQ |d HLS |d NUKAT |d OCLCQ |d IUL |d OCLCF |d WAU |d CGU |d OCLCA |d UKMGB |d OCLCQ |d HUELT |d OCLCQ |d WaSeSS | ||
| 041 | 0 | |a pol |a eng |a ger |a rus | |
| 042 | |a pcc | ||
| 050 | 0 | 0 | |a BL9.P6 |b S78 |
| 082 | 0 | 4 | |a 200/.5 |
| 210 | 1 | |a Zesz. Nauk. Uniw. Jagiell., Stud. Religiolog. | |
| 222 | 0 | |a Zeszyty Naukowe Uniwersytetu Jagiellońskiego. Studia Religiologica | |
| 245 | 0 | 0 | |a Zeszyty naukowe Uniwersytetu Jagiellońskiego. |p Studia religiologica |h [electronic resource]. |
| 246 | 3 | 0 | |a Studia religiologica |
| 260 | |a Kraków : |b Państwowe Wydawn. Naukowe, |c 1977- | ||
| 260 | 3 | |3 <2013-> |a Kraków : |b Wydawnictwo Uniwersytetu Jagiellońskiego | |
| 310 | |a Quarterly, |b 2012- | ||
| 321 | |a Irregular | ||
| 362 | 0 | |a Zesz. 1- | |
| 490 | 1 | |a Zeszyty naukowe Uniwersytetu Jagiellońskiego, |x 0137-2432 | |
| 500 | |a Added title page in Latin. | ||
| 506 | |a License restrictions may limit access. | ||
| 546 | |a Chiefly in Polish with summaries in English; occasional contributions in English, German, and Russian. | ||
| 588 | |a Latest issue consulted: 46 (2013). | ||
| 650 | 0 | |a Religion. | |
| 650 | 7 | |a Religion. |2 fast |0 (OCoLC)fst01093763 | |
| 650 | 7 | |a Religie |x badania porównawcze |v czasopisma. |2 jhpk | |
| 650 | 7 | |a Religie |x czasopisma. |2 jhpk | |
| 650 | 7 | |a Kościół katolicki i kultura |v czasopisma. |2 jhpk | |
| 655 | 0 | |a Electronic journals. | |
| 710 | 2 | |a Uniwersytet Jagielloński. | |
| 710 | 2 | |a Uniwersytet Jagielloński. |b Wydawnictwo. | |
| 760 | 0 | |t Zeszyty naukowe Uniwersytetu Jagiellońskiego | |
| 830 | 0 | |a Zeszyty naukowe Uniwersytetu Jagiellońskiego. |x 0137-2432 | |
| 850 | |a CaOTU |a DLC |a InU |a MiDW |a NNC |a NcU |a NjP | ||
| 853 | 3 | 3 | |8 1 |a zesz. |i (year) |
| 856 | 4 | 0 | |z Full text available from Research Library: 01/01/2010 to present |u https://search.proquest.com/publication/1356351 |
| 863 | 4 | 0 | |8 1 |a <1>- |i <1977>- |x provisional |